000 00747nam a2200289Ia 4500
001 5902
003 IT-RoPAU
008 130308s9999 xx 000 0 und d
040 _aIT-RoPAU
040 _cIT-RoPAU
041 _aITALIANO
100 _aFellini Federico
100 _gCodice Aut. SPICS: 6747
245 _aCome non detto
245 _bFellini Tv-Blocknotes di un Regista-I Clowns
250 _a1a ed.
260 _aBOLOGNA
260 _bCappelli
260 _c1972 [1° Ed.:1972 - Ed.Ling.Originale:1972]
300 _a"5 p. (prefazione: no ; testo: 5 [pagine: 209-213])"
650 _aAUTORI/OPERE DEL CINEMA
650 _eCodice materia Spics: 6807
942 _cBK
957 _71
999 _c52545
_d52545
999 _bSI
999 _g1